Superflame Universe - Trivia - Statistiques

Statistiques générales
  • Ce quiz a été pris 9 fois
  • Le résultat moyen est 7 sur 10
Statistiques - réponses
Indice Personnage % Correct
Organisation secrète chargée d'étudier la magie DPA
100%
Village centre de l'action Marmotin
100%
Hameau montagnard Pic au Vent
100%
Monstre entre yéti et gorille Youndra
100%
Protocole de quarantaine Centurion
67%
Prison pour criminels magiques Lockwater
67%
Ville non loin Castel les Pins
56%
Hôtel du village Marie Jeanne
56%
Livre de soins Pharmacobook d'Esculape
44%
Bar/café du village Vieux Fournil
33%
Aucun quiz correspondant
Distribution des résultats
% des personnes avec chaque résultat
Percentile par nombre de réponses
Votre historique - résultats
Vous n’avez pas pris ce quiz